| 000 -LEADER |
| fixed length control field |
00495nam a2200181 a 4500 |
| 020 ## - INTERNATIONAL STANDARD BOOK NUMBER |
| ISBN |
2225796734 |
| 040 ## - CATALOGING SOURCE |
| Transcribing agency |
DLC |
| 082 00 - DEWEY DECIMAL CLASSIFICATION NUMBER |
| Classification number |
631 MAS 1983 A041 Or. |
| 100 1# - MAIN ENTRY--AUTHOR NAME |
| Personal name |
Duchaufour, Philippe, |
| 245 10 - TITLE STATEMENT |
| Title |
Pédogenèse et classification / |
| 250 ## - EDITION STATEMENT |
| Edition statement |
2e éd. rev. et augm. |
| 260 ## - PUBLICATION, DISTRIBUTION, ETC. (IMPRINT) |
| Place of publication |
Paris ; |
| -- |
New York : |
| Name of publisher |
Masson, |
| Year of publication |
1983. |
| 300 ## - PHYSICAL DESCRIPTION |
| Number of Pages |
xiv, 491 p., xii p. of plates : |
| Other physical details |
ill. (some col.) ; |
| Dimensions |
25 cm. |
| 490 1# - SERIES STATEMENT |
| Series statement |
Pédologie ; |
| 650 #0 - SUBJECT ADDED ENTRY--TOPICAL TERM |
| Topical Term |
Soil formation. |
| 650 #0 - SUBJECT ADDED ENTRY--TOPICAL TERM |
| Topical Term |
Soils |
| 942 ## - ADDED ENTRY ELEMENTS (KOHA) |
| Koha item type |
សៀវភៅភាសាអង់គ្លេស |
| 952 ## - LOCATION AND ITEM INFORMATION (KOHA) |
| Withdrawn status [LOCAL, KOHA] |
0 |
| 952 ## - LOCATION AND ITEM INFORMATION (KOHA) |
| Withdrawn status [LOCAL, KOHA] |
0 |